| 000 | 00462nam a2200181Ia 4500 | ||
|---|---|---|---|
| 005 | 20260429112225.0 | ||
| 008 | 260429s9999||||xx |||||||||||||| ||und|| | ||
| 020 | _a9789383101627 | ||
| 041 | _aEnglish | ||
| 082 |
_a660.6 _bPAP |
||
| 100 | _aPapola, Nagar | ||
| 245 | 0 |
_aNanobiotechnology / _cNagar Papola |
|
| 260 |
_aJaipur : _bAgrotech Press, _c2025. |
||
| 300 | _avii, 256 p.; hb | ||
| 650 | _a Nanotechnology | ||
| 650 | _aBiotechnology | ||
| 942 | _cTB | ||
| 999 |
_c52977 _d52977 |
||